000 00422nam a2200193Ia 4500
005 20240823015247.0
008 240823s9999||||xx |||||||||||||| ||und||
041 _aENGLISH
082 _A624.1
100 _aAhuja
245 0 _aBuilding Construction
250 _a3rd
260 _bDhanpat Rai &
_aDelhi
500 _aYES
650 _aBuilding
_bCivil
700 _a Birdie G S
942 _cBK
999 _c172010
_d172010